00922nam a22002297a 4500003000500000005001700005008004100022010001000063011001000073035001100083040000900094245011400103246014100217260007600358300002100434490006000455650002500515650001200540650002000552710006000572830006000632CHAP20220329143508.0100212s? mx a r 00010 spa d a97542 a98514 a109199 cCHAP04aEl reglamento interior de los nucleos ejidales y comunalesc/por Instituto Nacional de Capacitación Agraria3 iTítulo en portada :aCartilla para el campesino. Conoce lo que te interesa. El reglamento interior de los nucleos ejidales y comunales aMéxico, D.F. :bInstituto Nacional de Capacitación Agraria,c[s.a.] a[16 p.] :bilus. 0aSerie organización ejidal.pBiblioteca campesinav; 614aComunidades rurales.14aEjidos.14aEjidosxNormas.0 aInstituto Nacional de Capacitación Agraria. México. 0aSerie organización ejidal.pBiblioteca campesinav; 6